00261nam a2200109Ia 4500008004100000082000900041100002300050245002100073260001500094630002100109730002100130100328s9999 xx 000 0 und d b2560 aHutheesing Krishna aWith No. Regrets bPadma Pub. aWith No. Regrets aWith No. Regrets